Normal view
MARC view
Entry Término cronológico
001 - NÚMERO DE CONTROL
- campo de control: 30116
003 - IDENTIFICADOR DEL NÚMERO DE CONTROL
- campo de control: FranzMayer
005 - FECHA Y HORA DE LA ÚLTIMA TRANSACCIÓN
- campo de control: 20260310123238.0
008 - DATOS DE LONGITUD FIJA
- campo de control de longitud fija: 260310|| aca||aabn | a|a d
040 ## - FUENTE DE LA CATALOGACIÓN
- Centro catalogador/agencia de origen: FranzMayer
- Centro/agencia transcriptor: FranzMayer
148 ## - ENCABEZAMIENTO--TÉRMINO CRONOLÓGICO
- Término cronológico: Viceroyalty period
- Subdivisión cronológica: Viceroyalty (1535-1821)
670 ## - FUENTE DE DATOS ENCONTRADOS
- Cita de la fuente: Work cat.: (FranzMayer)11103: Fouquet, Marie de Maupeou, 1590-1681 30078, Obras medico- chirurgicas de Madama Fouquet, economia de la salud del cuerpo humano:, 1750